000 01750cam a22003615a 4500
999 _c26849
_d26821
001 018567253
005 20180923123136.0
008 171009t2018 ne a frb 001 0 eng d
015 _aGBB7J9595
_2bnb
016 7 _a018567253
_2Uk
020 _a9780323485241 (hbk.)
040 _aStDuBDS
_beng
_cStDuBDS
_dEG-ScBUE
082 0 4 _a612.31
_bNAN
_222
100 1 _aNanci, Antonio.
_930163
245 1 0 _aTen Cate's oral histology :
_bdevelopment, structure, and function /
_cAntonio Nanci.
246 3 0 _aOral histology
250 _a9th ed.
260 _aMissouri :
_bElsevier,
_cc.2018.
300 _avi, 344 p. :
_bill. (black and white, and col.) ;
_c29 cm.
500 _aPrevious ed.: 2013.
504 _aIncludes bibliographical references and index.
520 _aUnderstand oral histology and learn to apply your knowledge in the clinical setting with this definitive reference. Now in full color and thoroughly updated, this 8th Edition provides insight on contemporary research and trends in oral histology, embryology, physiology, oral biology, postnatal growth and development that is essential to your success in oral health! NEW! Full color format showcases vivid photomicrographs and line drawings to enhance your understanding of key oral histology learning. NEW! Chapter on facial growth and development broadens your oral histology knowledge base.
650 7 _aMouth
_xHistology.
_2BUEsh
_930165
650 7 _aTeeth
_xHistology
_2BUEsh
_930164
650 7 _aMouth
_xAnatomy.
_2BUEsh
650 7 _aTeeth
_xAnatomy.
_2BUEsh
651 _2BUEsh
653 _bDDent
_cSeptember2018
655 _vText book
700 1 _aTen Cate, A. R.
_q(Arnold Richard).
_tOral histology.
_930166
856 4 0 _uEvolve.elsevier.com
942 _2ddc